Online Catalogue and eLibrary

Export processing zones in five countries : (Record no. 2965)

MARC details
000 -LEADER
fixed length control field 00283nam a2200097Ia 4500
008 - FIXED-LENGTH DATA ELEMENTS--GENERAL INFORMATION
fixed length control field 240331s9999 xx 000 0 und d
082 ## - DDC Classification
Item Number - Author Mark EXP
100 ## - MAIN ENTRY--PERSONAL NAME
Personal name Shoesmith, Dennis, editor
245 #0 - TITLE STATEMENT
Title Export processing zones in five countries :
Remainder of title The economic and human consequences
942 ## - Koha item type (Biblio)
Koha item type Books in Stacks (Lending)
Holdings
Lost status Damaged status Collection code Home library Current library Shelving location Date acquired Full call number Accession Number Item type
    Lending WERC Library WERC Library Social Science Cupboard 03/31/2024 382.71 EXP 20 Books in Stacks (Lending)

© WERC Library